| 000 | 00882nam a22001457a 4500 | ||
|---|---|---|---|
| 999 |
_c521050 _d521050 |
||
| 008 | 221208b ||||| |||| 00| 0 eng d | ||
| 100 |
_aPurkyastha, B.S. _936112 |
||
| 245 | _aTechnology empowering the masses | ||
| 260 | _aKurukshetra | ||
| 300 | _a71(1), Nov, 2022: p.22-26 | ||
| 520 | _aPolicies and programmes of the government not only outline the blueprint for economic development of the country but also ensure that the fruits of economic development reach the walker sections of the population. The key to success of any regulations and schemes run by the government is implantation continuous monitoring and audit. The repaid adoption of digital technology in the last few years has laid the framework for making delivery of government schemes easier and more efficient. – Reproduced | ||
| 773 | _aKurukshetra | ||
| 906 | _aSCIENCE AND TECHNOLOGY | ||
| 942 | _cAR | ||